[Event "Provence-ch prom Vitrolles 9293"]
[Site "France"]
[Date "1992.??.??"]
[Round "6"]
[White "Dewet, M."]
[Black "Dumas, JL."]
[Result "0-1"]
[WhiteElo "1660"]
[BlackElo "1670"]
[PlyCount "110"]
[EventDate "1992.??.??"]
[EventType "tourn"]
[EventRounds "9"]
[EventCountry "FRA"]
[SourceTitle "EXT 2005"]
[Source "ChessBase"]
[SourceDate "2004.11.15"]
[SourceVersion "1"]
[SourceVersionDate "2004.11.15"]
[SourceQuality "1"]

1. e4 e5 2. Nf3 Nc6 3. Bb5 Nf6 4. 0-0 a6 5. Bxc6 dxc6 6. d3 Bd6 7. Bg5 h6 8. Bh4 g5 9. Bg3 Qe7 10. Nbd2 Bg4 11. Re1 Nh5 12. h3 Bxf3 13. Nxf3 Nxg3 14. fxg3 Bc5+ 15. Kh1 0-0-0 16. Qe2 Qe6 17. Nh2 h5 18. Rf1 Rdf8 19. Rf5 g4 20. h4 f6 21. c3 Bb6 22. a4 c5 23. c4 Ba5 24. Nf1 Rd8 25. Ne3 c6 26. Raf1 Rdf8 27. Nc2 Bd8 28. Qd2 Rf7 29. b4 Rd7 30. Qc3 cxb4 31. Nxb4 Qd6 32. Rd1 Ba5 33. c5 Qd4 34. Qxd4 Rxd4 35. Nc2 Rxa4 36. Rxf6 Bc3 37. Rf7 Ra5 38. Rb1 Rb5 39. Rxb5 cxb5 40. Rf6 Rh7 41. Ne3 Bd4 42. Rf8+ Kd7 43. Nd5 Bxc5 44. Nf6+ Ke6 45. Rc8 Kxf6 46. Rxc5 Rd7 47. Rc3 Ke6 48. Kg1 b4 49. Rb3 a5 50. Kf2 Rc7 51. Ke3 Rc2 52. d4 Rc3+ 53. Rxc3 exd4+ 54. Kxd4 bxc3 55. Kxc3 Ke5 0-1

[Event "Provence-chB"]
[Site "Provence"]
[Date "1991.??.??"]
[Round "8"]
[White "Dewet, M."]
[Black "Sabatie, Jean Louis"]
[Result "0-1"]
[WhiteElo "1640"]
[BlackElo "1830"]
[PlyCount "92"]
[EventDate "1991.??.??"]
[EventType "swiss"]
[EventRounds "9"]
[EventCountry "FRA"]
[SourceTitle "EXT 2005"]
[Source "ChessBase"]
[SourceDate "2004.11.15"]
[SourceVersion "1"]
[SourceVersionDate "2004.11.15"]
[SourceQuality "1"]

1. e4 c6 2. d4 d5 3. e5 Bf5 4. Nc3 e6 5. Be3 Nd7 6. Bd3 Bxd3 7. Qxd3 a6 8. Nf3 Rc8 9. 0-0 c5 10. Ne2 cxd4 11. Nexd4 Ne7 12. Bg5 Qc7 13. c3 Nxe5 14. Nxe5 Qxe5 15. f4 Qd6 16. Rae1 Nc6 17. Nf5 Qc5+ 18. Kh1 Kd7 19. Ng3 Bd6 20. f5 Rcf8 21. Be3 Qa5 22. Nh5 Be5 23. b4 Qc7 24. Bc5 Ne7 25. fxe6+ fxe6 26. Rxf8 Rxf8 27. Qxh7 b6 28. Bxe7 Kxe7 29. Qd3 Qxc3 30. Qe2 Kd6 31. Ng3 Rf6 32. Ne4+ dxe4 33. Rd1+ Ke7 34. Qxe4 Qc7 35. Qh7 Rh6 36. Qe4 Rxh2+ 37. Kg1 b5 38. Re1 Qb6+ 39. Kf1 Rh1+ 40. Ke2 Rxe1+ 41. Kxe1 Bf6 42. Kf1 Qc7 43. Kf2 Qd7 44. Kg3 Qd6+ 45. Kh3 e5 46. Qb7+ Qd7+ 0-1

[Event "Provence-chB"]
[Site "Provence"]
[Date "1991.??.??"]
[Round "5"]
[White "Madranges, Jean"]
[Black "Dewet, M."]
[Result "1-0"]
[WhiteElo "1750"]
[BlackElo "1640"]
[PlyCount "71"]
[EventDate "1991.??.??"]
[EventType "swiss"]
[EventRounds "9"]
[EventCountry "FRA"]
[SourceTitle "EXT 2005"]
[Source "ChessBase"]
[SourceDate "2004.11.15"]
[SourceVersion "1"]
[SourceVersionDate "2004.11.15"]
[SourceQuality "1"]

1. c4 e5 2. Nc3 b6 3. Nf3 d6 4. d4 exd4 5. Nxd4 Be7 6. e4 Nd7 7. Nc6 Bb7 8. Nxd8 Rxd8 9. g3 Nc5 10. Bg2 Nf6 11. Qc2 c6 12. 0-0 0-0 13. Bg5 Ne6 14. Bxf6 Bxf6 15. Rad1 a6 16. Rd2 Nd4 17. Qd1 c5 18. Nd5 Bxd5 19. exd5 b5 20. b3 Rfe8 21. Re1 Kf8 22. Re4 g6 23. Rd3 Bg7 24. Rde3 Rxe4 25. Rxe4 b4 26. Qe1 Nc2 27. Qd2 Nd4 28. Qg5 f6 29. Qh4 h6 30. Rxd4 cxd4 31. Qxd4 f5 32. Qb6 Re8 33. Qxd6+ Kg8 34. Qxg6 Re2 35. d6 Re1+ 36. Bf1 1-0